00000000cam 2200000zi 4500
0019.957106
003CaOODSP
00520251209111323
006m     o  d f      
007cr cn|||||||||
008251105e202511  oncb o  ob   f000 0 iku d
020 |a9780660796222
040 |aCaOODSP|beng|erda|cCaOODSP
043 |an-cn---
0861 |aFs70-6/2024-035Iku2-PDF
24500|a[Assessment of the south and east Hudson Bay Atlantic walrus (Odobenus rosmarus rosmarus rosmarus) stock in 2022].
250 |a[Inuktitut (Nunavut) edition].
264 1|a[Ottawa] : |bFisheries and Oceans Canada, Ecosystems and Oceans Science = Pêches et océans Canada, Sciences des écosystèmes et des océans, |c[November 2025]
264 4|c©2025
300 |a1 online resource (7 pages) : |bmaps.
336 |atext|btxt|2rdacontent
337 |acomputer|bc|2rdamedia
338 |aonline resource|bcr|2rdacarrier
4901 |a[Science advisory report] ; |v2024/035
500 |aEnglish title supplied by the publisher.
500 |aIssued also in English under title: Assessment of the south and east Hudson Bay Atlantic walrus (Odobenus rosmarus rosmarus rosmarus) stock in 2022.
504 |aIncludes bibliographical references (page 6).
546 |aText in Inuktitut (Nunavut).
650 0|aWalrus|zHudson Bay.
650 0|aWalrus|zHudson Strait (Québec and Nunavut)
650 0|aWalrus|zDavis Strait.
650 0|aMarine mammal populations|xEstimates|zHudson Bay.
650 0|aMarine mammal populations|xEstimates|zHudson Strait (Québec and Nunavut)
650 0|aMarine mammal populations|xEstimates|zDavis Strait.
7102 |aCanadian Science Advisory Secretariat, |eissuing body.
7101 |aCanada. |bDepartment of Fisheries and Oceans, |eissuing body.
77508|tAssessment of the south and east Hudson Bay Atlantic walrus (Odobenus rosmarus rosmarus) stock in 2022.|w(CaOODSP)9.937687
788 |t[Évaluation du stock de morses de l'atlantique (Odobenus rosmarus rosmarus) du sud et de l'est de la baie d'Hudson en 2022].|efre|w(CaOODSP)9.957109
830#0|aScience advisory report (Canadian Science Advisory Secretariat)|v2024/035.|w(CaOODSP)9.500673
85640|qPDF|s702 KB|uhttps://publications.gc.ca/collections/collection_2025/mpo-dfo/fs70-6/Fs70-6-2024-035-iku.pdf